[Event "FICGS no engines 127 email"]
[Site "FICGS email"]
[Date "2023.04.16"]
[Round "1"]
[White "Brand Lyard, Paul"]
[Black "Reboredo, Daniel"]
[Result "0-1"]
[WhiteElo "1372"]
[BlackElo "1910"]
[PlyCount "70"]
[EventDate "2023.??.??"]
[EventType "swiss (corr)"]
[EventRounds "1"]
[SourceTitle "Corr 2024"]
[Source "ChessBase"]
[SourceDate "2023.10.19"]
[SourceVersion "1"]
[SourceVersionDate "2023.10.19"]
[SourceQuality "1"]

1. e4 e5 2. Bc4 Nf6 3. d3 h6 4. g4 d5 5. Bb3 dxe4 6. g5 hxg5 7. Nc3 exd3 8. cxd3 Bc5 9. Bxg5 Bf5 10. Bd5 c6 11. Bxf6 Qxf6 12. Bf3 Na6 13. b3 0-0-0 14. Rc1 Rxd3 15. Qe2 Bb4 16. Be4 Bxe4 17. Qxe4 Rxc3 18. Qg4+ Kb8 19. Rxc3 Bxc3+ 20. Ke2 Rh4 21. Qg3 Bd4 22. Nf3 Rf4 23. Nxd4 Rxd4 24. Rg1 g6 25. Rc1 Qf4 26. Qxf4 Rxf4 27. Ke3 Rh4 28. Rh1 Nc5 29. Rg1 Rxh2 30. Rg5 Nd7 31. a4 Rh4 32. f3 Rb4 33. f4 Rxb3+ 34. Ke4 Rb4+ 35. Kd3 Rxf4 0-1

[Event "FICGS unrated 00066 email"]
[Site "FICGS email"]
[Date "2023.04.16"]
[Round "1"]
[White "Reboredo, Daniel"]
[Black "Pech, Stepan"]
[Result "1-0"]
[WhiteElo "1910"]
[BlackElo "1993"]
[PlyCount "37"]
[EventDate "2023.??.??"]
[EventType "swiss (corr)"]
[EventRounds "1"]
[SourceTitle "Corr 2024"]
[Source "ChessBase"]
[SourceDate "2023.10.19"]
[SourceVersion "1"]
[SourceVersionDate "2023.10.19"]
[SourceQuality "1"]

1. e4 c6 2. d4 d5 3. Nc3 dxe4 4. Nxe4 Bf5 5. Ng3 Bg6 6. Nf3 Nd7 7. c3 e6 8. Bd3 Bxd3 9. Qxd3 Ngf6 10. Bg5 Be7 11. 0-0 0-0 12. Rfe1 h6 13. Bf4 Re8 14. Rad1 Qb6 15. Qc2 Rad8 16. h3 c5 17. Nf1 cxd4 18. Rxd4 Nf8 19. Be3 1-0

[Event "FICGS no engines 127 email"]
[Site "FICGS email"]
[Date "2023.04.16"]
[Round "1"]
[White "Schangareev, Mirzian"]
[Black "Reboredo, Daniel"]
[Result "1-0"]
[WhiteElo "1944"]
[BlackElo "1910"]
[PlyCount "23"]
[EventDate "2023.??.??"]
[EventType "swiss (corr)"]
[EventRounds "1"]
[SourceTitle "Corr 2024"]
[Source "ChessBase"]
[SourceDate "2023.10.19"]
[SourceVersion "1"]
[SourceVersionDate "2023.10.19"]
[SourceQuality "1"]

1. d4 d5 2. c4 Nc6 3. Nc3 dxc4 4. d5 Ne5 5. f4 Nd7 6. e4 Nb6 7. a4 a5 8. Be3 Qd6 9. Nb5 Qd8 10. Bxb6 cxb6 11. Bxc4 e6 12. d6 1-0

[Event "FICGS class C 000239 email"]
[Site "FICGS email"]
[Date "2016.11.08"]
[Round "1"]
[White "Knighton, Robert"]
[Black "Reboredo, Daniel"]
[Result "1/2-1/2"]
[WhiteElo "1933"]
[BlackElo "1946"]
[PlyCount "73"]
[EventDate "2016.??.??"]
[EventType "tourn (corr)"]
[EventRounds "1"]
[SourceTitle "Corr 2022"]
[Source "ChessBase"]
[SourceDate "2021.10.24"]
[SourceVersion "1"]
[SourceVersionDate "2021.10.24"]
[SourceQuality "1"]

1. g4 e5 2. Bg2 d5 3. d4 exd4 4. Qxd4 Nc6 5. Qxd5 Qxd5 6. Bxd5 Nge7 7. Be4 Bxg4 8. Bd2 0-0-0 9. Nc3 g6 10. h3 Be6 11. 0-0-0 Bg7 12. e3 Rd7 13. Be1 Rhd8 14. Rxd7 Rxd7 15. Nge2 Nd5 16. a3 Nce7 17. Bd3 Rd8 18. Ne4 f5 19. Ng5 Bg8 20. h4 c5 21. Rg1 Nc6 22. Nh3 Bh6 23. Nef4 Nxf4 24. Nxf4 Ne5 25. Be2 Bc4 26. Bxc4 Nxc4 27. h5 Bxf4 28. exf4 gxh5 29. a4 Re8 30. Rh1 Re6 31. b3 Nb6 32. Bc3 Nd5 33. Be5 Rh6 34. Rh4 c4 35. Bd4 cxb3 36. cxb3 a6 37. Kd2 1/2-1/2

[Event "FICGS rapid B 000245 email"]
[Site "FICGS email"]
[Date "2016.10.28"]
[Round "1"]
[White "Reboredo, Daniel"]
[Black "Domingo Gadea, Jordi"]
[Result "1/2-1/2"]
[WhiteElo "1944"]
[BlackElo "1826"]
[PlyCount "119"]
[EventDate "2016.??.??"]
[EventType "tourn (rapid)"]
[EventRounds "6"]
[SourceTitle "Corr 2022"]
[Source "ChessBase"]
[SourceDate "2021.10.24"]
[SourceVersion "1"]
[SourceVersionDate "2021.10.24"]
[SourceQuality "1"]

1. c3 Nf6 2. d4 d5 3. Nf3 e6 4. Bg5 c5 5. e3 Nc6 6. Nbd2 h6 7. Bh4 Qb6 8. Qb3 Qxb3 9. axb3 cxd4 10. exd4 Nh5 11. b4 f6 12. b5 Ne7 13. g4 Nf4 14. Bg3 g5 15. h4 Rg8 16. Kd1 Bd7 17. Kc2 Nc8 18. hxg5 hxg5 19. Ne1 Nd6 20. b6 Nc8 21. bxa7 Rxa7 22. Rxa7 Nxa7 23. Nd3 Nc6 24. f3 Ng6 25. b4 Rh8 26. Rxh8 Nxh8 27. Bc7 Nf7 28. Nc5 Bd6 29. Bb6 Bc8 30. Ndb3 Ke7 31. Be2 Nb8 32. Bb5 Nc6 33. Bd3 Nb8 34. b5 Bg3 35. Na5 Nd7 36. Nxd7 Kxd7 37. c4 dxc4 38. Nxc4 Nd6 39. Nxd6 Bxd6 40. Bc5 Bf4 41. Kc3 Kd8 42. Be4 f5 43. gxf5 exf5 44. Bd5 Bd7 45. b6 Bc6 46. Bxc6 bxc6 47. d5 cxd5 48. Kd4 g4 49. fxg4 fxg4 50. Kxd5 Kc8 51. Kc6 g3 52. b7+ Kb8 53. Kb6 g2 54. Ka6 Kc7 55. Bg1 Kc6 56. Ka7 Bg3 57. Ka8 Bf4 58. Bf2 Be5 59. b8Q Bxb8 60. Kxb8 1/2-1/2

[Event "FICGS rapid B 000245 email"]
[Site "FICGS email"]
[Date "2016.10.28"]
[Round "1"]
[White "Roberts, Neil"]
[Black "Reboredo, Daniel"]
[Result "1-0"]
[WhiteElo "1800"]
[BlackElo "1944"]
[PlyCount "77"]
[EventDate "2016.??.??"]
[EventType "tourn (rapid)"]
[EventRounds "6"]
[SourceTitle "Corr 2022"]
[Source "ChessBase"]
[SourceDate "2021.10.24"]
[SourceVersion "1"]
[SourceVersionDate "2021.10.24"]
[SourceQuality "1"]

1. d4 f5 2. Bf4 Nf6 3. Nf3 g6 4. e3 Bg7 5. Be2 d6 6. Nbd2 0-0 7. h3 Nc6 8. 0-0 Qe8 9. c3 e5 10. dxe5 dxe5 11. Bh2 a6 12. a4 Kh8 13. Qc2 Qe7 14. Rfd1 Re8 15. Bc4 e4 16. Nd4 Ne5 17. Be2 c5 18. N4b3 Nf7 19. Nc4 Be6 20. Nb6 Rad8 21. c4 Rxd1+ 22. Rxd1 Rd8 23. Na5 h6 24. Qb3 Rxd1+ 25. Qxd1 Ne8 26. Nd5 Bxd5 27. cxd5 Nfd6 28. Qc1 Be5 29. Bxe5+ Qxe5 30. Nb3 Qxd5 31. Nxc5 Qf7 32. Qc3+ Qg7 33. Qd2 Kh7 34. g3 Qe7 35. Kg2 Nc7 36. Qd4 b5 37. axb5 axb5 38. Nb3 g5 39. Qc5 1-0

[Event "FICGS rapid A 000194 email"]
[Site "FICGS email"]
[Date "2016.10.15"]
[Round "1"]
[White "Pareschi, Remo"]
[Black "Reboredo, Daniel"]
[Result "1/2-1/2"]
[WhiteElo "1957"]
[BlackElo "1944"]
[PlyCount "58"]
[EventDate "2016.??.??"]
[EventType "tourn (rapid)"]
[EventRounds "6"]
[SourceTitle "Corr 2022"]
[Source "ChessBase"]
[SourceDate "2021.10.24"]
[SourceVersion "1"]
[SourceVersionDate "2021.10.24"]
[SourceQuality "1"]

1. d4 Nf6 2. c4 g6 3. Nc3 d5 4. f3 c5 5. dxc5 d4 6. Nb5 Nc6 7. e3 e5 8. exd4 Nxd4 9. Ne2 Bxc5 10. Nexd4 exd4 11. Qe2+ Be6 12. Qe5 Bb4+ 13. Bd2 Bxd2+ 14. Kxd2 0-0 15. Nc7 Rc8 16. Nxe6 fxe6 17. Rd1 b5 18. Kc2 Qd5 19. Qxd4 Rfd8 20. Qxd5 Nxd5 21. Re1 bxc4 22. a3 c3 23. b3 Nf4 24. Bc4 Rd2+ 25. Kxc3 Rxg2 26. Kb4 Nd5+ 27. Kb5 Kf7 28. h4 Rf2 29. Rhf1 Rxf1 1/2-1/2

[Event "FICGS rapid B 000244 email"]
[Site "FICGS email"]
[Date "2016.10.13"]
[Round "1"]
[White "Reboredo, Daniel"]
[Black "Pareschi, Remo"]
[Result "0-1"]
[WhiteElo "1944"]
[BlackElo "1957"]
[PlyCount "72"]
[EventDate "2016.??.??"]
[EventType "tourn (rapid)"]
[EventRounds "6"]
[SourceTitle "Corr 2022"]
[Source "ChessBase"]
[SourceDate "2021.10.24"]
[SourceVersion "1"]
[SourceVersionDate "2021.10.24"]
[SourceQuality "1"]

1. c3 e5 2. c4 Nf6 3. Nc3 d5 4. cxd5 Nxd5 5. Nf3 Nc6 6. e4 Ndb4 7. a3 Nd3+ 8. Bxd3 Qxd3 9. Qe2 Qxe2+ 10. Nxe2 Bg4 11. b4 0-0-0 12. Bb2 f6 13. h3 Bh5 14. 0-0-0 Bg6 15. Ng3 Bd6 16. d3 a5 17. b5 Ne7 18. Rhe1 Rhe8 19. d4 exd4 20. e5 fxe5 21. Nxe5 Rf8 22. Nxg6 Nxg6 23. Ne4 Be5 24. a4 Nh4 25. g3 Nf3 26. Ba3 Rf5 27. Re2 g6 28. Rd3 Bg7 29. Bb2 Bf8 30. h4 c5 31. bxc6 bxc6 32. Ng5 Bh6 33. Ba3 c5 34. g4 Bxg5+ 35. hxg5 Re5 36. Rxe5 Nxe5 0-1

[Event "FICGS unrated 00004 email"]
[Site "FICGS email"]
[Date "2016.09.07"]
[Round "1"]
[White "Benone, Mateia"]
[Black "Reboredo, Daniel"]
[Result "0-1"]
[WhiteElo "1185"]
[BlackElo "1944"]
[PlyCount "36"]
[EventDate "2016.??.??"]
[EventType "swiss (corr)"]
[EventRounds "1"]
[SourceTitle "Corr 2022"]
[Source "ChessBase"]
[SourceDate "2021.10.24"]
[SourceVersion "1"]
[SourceVersionDate "2021.10.24"]
[SourceQuality "1"]

1. Nf3 Nf6 2. c4 c5 3. Nc3 Nc6 4. d4 cxd4 5. Nxd4 e5 6. Ndb5 d6 7. Bg5 a6 8. Na3 Be6 9. e4 Be7 10. Rc1 0-0 11. Be2 Nxe4 12. Bxe7 Nxc3 13. Bxd8 Nxd1 14. Be7 Nxe7 15. Rxd1 d5 16. 0-0 Rad8 17. cxd5 Nxd5 18. Nc4 Nf4 0-1

[Event "FICGS unrated 00004 email"]
[Site "FICGS email"]
[Date "2016.09.07"]
[Round "1"]
[White "Reboredo, Daniel"]
[Black "Guralivu, Paul"]
[Result "1-0"]
[WhiteElo "1944"]
[BlackElo "1996"]
[PlyCount "35"]
[EventDate "2016.??.??"]
[EventType "swiss (corr)"]
[EventRounds "1"]
[SourceTitle "Corr 2022"]
[Source "ChessBase"]
[SourceDate "2021.10.24"]
[SourceVersion "1"]
[SourceVersionDate "2021.10.24"]
[SourceQuality "1"]

1. e4 c5 2. Nf3 d6 3. d4 cxd4 4. Nxd4 Nf6 5. Nc3 a6 6. h3 e5 7. Nde2 h5 8. Bg5 Be7 9. Ng3 h4 10. Nf5 Bxf5 11. exf5 Nbd7 12. Bc4 Rc8 13. Bb3 Rh5 14. Qd2 Nc5 15. 0-0 Ng8 16. Be3 Nf6 17. Bc4 Rxf5 18. Nd5 1-0

[Event "FICGS theme 0002 email"]
[Site "FICGS email"]
[Date "2016.08.29"]
[Round "1"]
[White "Reboredo, Daniel"]
[Black "Benassi, Aspasio"]
[Result "1/2-1/2"]
[WhiteElo "1944"]
[BlackElo "2016"]
[PlyCount "50"]
[EventDate "2016.??.??"]
[EventType "swiss (corr)"]
[EventRounds "1"]
[SourceTitle "Corr 2022"]
[Source "ChessBase"]
[SourceDate "2021.10.24"]
[SourceVersion "1"]
[SourceVersionDate "2021.10.24"]
[SourceQuality "1"]

1. d4 Nf6 2. Bg5 c5 3. Nc3 cxd4 4. Qxd4 Nc6 5. Qh4 e6 6. e4 Be7 7. 0-0-0 a6 8. f4 b5 9. e5 b4 10. exf6 gxf6 11. Ne4 fxg5 12. fxg5 Qa5 13. Kb1 Bb7 14. Nf3 b3 15. cxb3 Nb4 16. a3 Qf5 17. Nfd2 d5 18. axb4 Rd8 19. Bd3 dxe4 20. Bxe4 Rd4 21. Rhe1 Bxg5 22. Bxf5 Rxh4 23. Re2 Rxh2 24. Be4 Bxe4+ 25. Nxe4 Be7 1/2-1/2

[Event "FICGS theme 0002 email"]
[Site "FICGS email"]
[Date "2016.08.29"]
[Round "1"]
[White "Sternik, Ryszard"]
[Black "Reboredo, Daniel"]
[Result "1/2-1/2"]
[WhiteElo "1712"]
[BlackElo "1944"]
[PlyCount "40"]
[EventDate "2016.??.??"]
[EventType "swiss (corr)"]
[EventRounds "1"]
[SourceTitle "Corr 2022"]
[Source "ChessBase"]
[SourceDate "2021.10.24"]
[SourceVersion "1"]
[SourceVersionDate "2021.10.24"]
[SourceQuality "1"]

1. d4 Nf6 2. Bg5 c5 3. d5 Qb6 4. Nc3 Qxb2 5. Bd2 Qb6 6. e4 d6 7. Nf3 g6 8. Be2 Bg7 9. 0-0 0-0 10. h3 Qd8 11. Rb1 b6 12. Bg5 Na6 13. Qd2 Nc7 14. Rfd1 Nd7 15. Bh6 Ba6 16. Bxa6 Nxa6 17. Bxg7 Kxg7 18. Qe2 Nc7 19. a4 Re8 20. Nd2 Rb8 1/2-1/2

[Event "FICGS rapid B 000243 email"]
[Site "FICGS email"]
[Date "2016.08.25"]
[Round "1"]
[White "Domingo Gadea, Jordi"]
[Black "Reboredo, Daniel"]
[Result "1/2-1/2"]
[WhiteElo "1807"]
[BlackElo "1944"]
[PlyCount "89"]
[EventDate "2016.??.??"]
[EventType "tourn (rapid)"]
[EventRounds "6"]
[SourceTitle "Corr 2022"]
[Source "ChessBase"]
[SourceDate "2021.10.24"]
[SourceVersion "1"]
[SourceVersionDate "2021.10.24"]
[SourceQuality "1"]

1. e4 e5 2. Nf3 Nc6 3. Bc4 Nf6 4. Ng5 d5 5. exd5 Nd4 6. c3 b5 7. Bf1 Nxd5 8. Ne4 Ne6 9. Bxb5+ Bd7 10. Bc4 Nb6 11. Bb3 a5 12. 0-0 a4 13. Bc2 Be7 14. Ng3 Bc6 15. Re1 0-0 16. Rxe5 Bd6 17. Re1 Nf4 18. Be4 Bxe4 19. Rxe4 f5 20. Re3 Nxg2 21. Kxg2 f4 22. Rf3 fxg3 23. hxg3 Rxf3 24. Qxf3 Qg5 25. Na3 Rf8 26. d3 Rxf3 27. Bxg5 Rxd3 28. Nb5 Be5 29. Rc1 h6 30. Be3 Nc4 31. Bd4 Bxd4 32. cxd4 Nxb2 33. Rxc7 Rd2 34. Ra7 Nd1 35. Rxa4 Rxf2+ 36. Kh3 Rf5 37. Nd6 Rd5 38. Nc8 Kf8 39. Nb6 Rd6 40. Rb4 Nf2+ 41. Kg2 Nd3 42. Rb5 Rxd4 43. a4 Nb4 44. a5 Na6 45. Nd5 1/2-1/2

[Event "FICGS rapid B 000243 email"]
[Site "FICGS email"]
[Date "2016.08.25"]
[Round "1"]
[White "Reboredo, Daniel"]
[Black "Faust, Dieter"]
[Result "1/2-1/2"]
[WhiteElo "1944"]
[BlackElo "1751"]
[PlyCount "93"]
[EventDate "2016.??.??"]
[EventType "tourn (rapid)"]
[EventRounds "6"]
[SourceTitle "Corr 2022"]
[Source "ChessBase"]
[SourceDate "2021.10.24"]
[SourceVersion "1"]
[SourceVersionDate "2021.10.24"]
[SourceQuality "1"]

1. e4 e6 2. d4 d5 3. Nc3 Bb4 4. e5 c5 5. a3 Bxc3+ 6. bxc3 Qc7 7. Qg4 f5 8. Qg3 cxd4 9. cxd4 Ne7 10. Bd2 Nbc6 11. Nf3 0-0 12. Bd3 Bd7 13. 0-0 Be8 14. Rab1 Bg6 15. Qf4 Nc8 16. c4 N8e7 17. c5 h6 18. Rfc1 Rab8 19. Bc3 Kh8 20. Rb2 Bh5 21. Nd2 g5 22. Qe3 Ng6 23. Nb3 Nf4 24. Bf1 Ng6 25. Rcb1 Rg8 26. Qd3 Bg4 27. h3 Bh5 28. Qd2 f4 29. Na5 Nd8 30. Bb4 Nc6 31. Nxc6 Qxc6 32. a4 Nh4 33. a5 Bg6 34. Rc1 a6 35. Rc3 Be8 36. Rcb3 Ra8 37. Bc3 Ra7 38. Rb6 Qc8 39. Qd1 Bc6 40. Qh5 Qf8 41. Bd3 Qg7 42. Bd2 Nf5 43. R2b4 Qg6 44. Qxg6 Rxg6 45. Bc3 Rg7 46. Rb1 Re7 47. Kh2 1/2-1/2

[Event "FICGS rapid A 000192 email"]
[Site "FICGS email"]
[Date "2016.08.25"]
[Round "1"]
[White "Reboredo, Daniel"]
[Black "Guralivu, Paul"]
[Result "1-0"]
[WhiteElo "1944"]
[BlackElo "2000"]
[PlyCount "55"]
[EventDate "2016.??.??"]
[EventType "tourn (rapid)"]
[EventRounds "6"]
[SourceTitle "Corr 2022"]
[Source "ChessBase"]
[SourceDate "2021.10.24"]
[SourceVersion "1"]
[SourceVersionDate "2021.10.24"]
[SourceQuality "1"]

1. e4 c5 2. c3 Nc6 3. d4 d5 4. dxc5 dxe4 5. Qxd8+ Nxd8 6. Bb5+ Nc6 7. Be3 Bd7 8. Nd2 f5 9. Nc4 Nf6 10. f3 Nd5 11. fxe4 fxe4 12. Ne2 Nxe3 13. Nxe3 g6 14. 0-0 0-0-0 15. Ng3 Bh6 16. Nc4 Be6 17. Nxe4 Kc7 18. Na3 Rhf8 19. Rxf8 Rxf8 20. Bc4 Bd7 21. Re1 a6 22. Nf2 Bd2 23. Re2 Bg5 24. Nc2 Rd8 25. Ne1 Na5 26. Bd3 Nc6 27. Nf3 Bf6 28. Bc2 1-0

[Event "FICGS no engines 00 email"]
[Site "FICGS email"]
[Date "2016.08.14"]
[Round "1"]
[White "Reboredo, Daniel"]
[Black "Foster, Duncan"]
[Result "1-0"]
[WhiteElo "1944"]
[BlackElo "1550"]
[PlyCount "35"]
[EventDate "2016.??.??"]
[EventType "swiss (corr)"]
[EventRounds "1"]
[SourceTitle "Corr 2022"]
[Source "ChessBase"]
[SourceDate "2021.10.24"]
[SourceVersion "1"]
[SourceVersionDate "2021.10.24"]
[SourceQuality "1"]

1. e4 e5 2. Nf3 Nc6 3. Bc4 Nf6 4. Ng5 d5 5. exd5 b5 6. Bf1 Nd4 7. c3 Nxd5 8. cxd4 Qxg5 9. Bxb5+ Kd8 10. Qf3 Bb7 11. 0-0 Rb8 12. dxe5 Ne3 13. Qh3 Qxg2+ 14. Qxg2 Nxg2 15. d4 Nf4 16. Bxf4 Bc8 17. Nc3 a6 18. Bc4 1-0

[Event "FICGS no engines 00 email"]
[Site "FICGS email"]
[Date "2016.08.14"]
[Round "1"]
[White "Reboredo, Daniel"]
[Black "Nezumi, Mashi"]
[Result "1-0"]
[WhiteElo "1944"]
[BlackElo "1335"]
[PlyCount "33"]
[EventDate "2016.??.??"]
[EventType "swiss (corr)"]
[EventRounds "1"]
[SourceTitle "Corr 2022"]
[Source "ChessBase"]
[SourceDate "2021.10.24"]
[SourceVersion "1"]
[SourceVersionDate "2021.10.24"]
[SourceQuality "1"]

1. e4 g5 2. d4 d5 3. e5 g4 4. Bd3 c5 5. c3 Bg7 6. h3 g3 7. fxg3 cxd4 8. cxd4 Qb6 9. Nc3 Bd7 10. Nf3 Be6 11. 0-0 f6 12. Kh1 fxe5 13. dxe5 Bh6 14. Nd4 Qc7 15. Qh5+ Kd7 16. Nxe6 Kxe6 17. Qf5# 1-0

[Event "FICGS unrated 00004 email"]
[Site "FICGS email"]
[Date "2015.12.19"]
[Round "1"]
[White "Reboredo, Daniel"]
[Black "Carrizo, Jose Luis"]
[Result "1/2-1/2"]
[WhiteElo "1944"]
[BlackElo "2055"]
[PlyCount "31"]
[EventDate "2015.??.??"]
[EventType "swiss (corr)"]
[EventRounds "1"]
[SourceTitle "Corr 2022"]
[Source "ChessBase"]
[SourceDate "2021.10.24"]
[SourceVersion "1"]
[SourceVersionDate "2021.10.24"]
[SourceQuality "1"]

1. e4 e5 2. Nf3 Nc6 3. Bb5 a6 4. Bxc6 dxc6 5. 0-0 f6 6. d4 exd4 7. Nxd4 c5 8. Ne2 Qxd1 9. Rxd1 Bd7 10. Be3 0-0-0 11. Nbc3 Bd6 12. Bf4 Bxf4 13. Nxf4 Ne7 14. f3 f5 15. Rd2 Nc6 16. Rad1 1/2-1/2

[Event "FICGS unrated 00004 email"]
[Site "FICGS email"]
[Date "2015.12.19"]
[Round "1"]
[White "Reboredo, Daniel"]
[Black "Klawitter, Bernd"]
[Result "1-0"]
[WhiteElo "1944"]
[BlackElo "1466"]
[PlyCount "55"]
[EventDate "2015.??.??"]
[EventType "swiss (corr)"]
[EventRounds "1"]
[SourceTitle "Corr 2022"]
[Source "ChessBase"]
[SourceDate "2021.10.24"]
[SourceVersion "1"]
[SourceVersionDate "2021.10.24"]
[SourceQuality "1"]

1. e4 Nf6 2. e5 Nd5 3. d4 d6 4. c4 Nb6 5. Nf3 Bg4 6. exd6 exd6 7. Be2 g6 8. h3 Bd7 9. 0-0 Bg7 10. Bg5 f6 11. Be3 0-0 12. c5 dxc5 13. dxc5 Nc8 14. Qb3+ Kh8 15. Qxb7 Bc6 16. Qb3 Bd5 17. Qc2 Ne7 18. Nc3 Bf7 19. Rad1 Qc8 20. Rd2 Nbc6 21. a3 Qb7 22. b4 Rad8 23. Rfd1 Rxd2 24. Rxd2 Rd8 25. b5 Rxd2 26. bxc6 Qb2 27. Qxd2 Qxd2 28. Bxd2 1-0

[Event "FICGS unrated 00004 email"]
[Site "FICGS email"]
[Date "2015.12.19"]
[Round "1"]
[White "Reboredo, Daniel"]
[Black "Ramos, Francisco Miguel R"]
[Result "1-0"]
[WhiteElo "1944"]
[BlackElo "1513"]
[PlyCount "73"]
[EventDate "2015.??.??"]
[EventType "swiss (corr)"]
[EventRounds "1"]
[SourceTitle "Corr 2022"]
[Source "ChessBase"]
[SourceDate "2021.10.24"]
[SourceVersion "1"]
[SourceVersionDate "2021.10.24"]
[SourceQuality "1"]

1. e4 c5 2. Nf3 d6 3. d4 cxd4 4. Nxd4 Nf6 5. Nc3 a6 6. h3 e6 7. g4 Be7 8. Bg2 0-0 9. Be3 Qc7 10. g5 Nfd7 11. h4 Nc6 12. Qe2 b5 13. a3 Bb7 14. 0-0-0 Rfc8 15. Kb1 Nce5 16. Bh3 Nf8 17. f4 Nc4 18. Rd3 Nxe3 19. Qxe3 Qa5 20. f5 e5 21. Nb3 Qc7 22. f6 Bd8 23. Bxc8 Rxc8 24. Qf2 g6 25. h5 Ne6 26. hxg6 fxg6 27. f7+ Qxf7 28. Qxf7+ Kxf7 29. Rxh7+ Ng7 30. Rxd6 Kg8 31. Rxg7+ Kxg7 32. Rd7+ Kf8 33. Rxb7 Bxg5 34. Rb6 Kg7 35. Rxa6 Be3 36. Nd5 Bf2 37. Rxg6+ 1-0

[Event "FICGS theme 0002 email"]
[Site "FICGS email"]
[Date "2015.12.04"]
[Round "1"]
[White "Foster, Duncan"]
[Black "Reboredo, Daniel"]
[Result "1/2-1/2"]
[WhiteElo "1494"]
[BlackElo "1944"]
[PlyCount "67"]
[EventDate "2015.??.??"]
[EventType "swiss (corr)"]
[EventRounds "1"]
[SourceTitle "Corr 2022"]
[Source "ChessBase"]
[SourceDate "2021.10.24"]
[SourceVersion "1"]
[SourceVersionDate "2021.10.24"]
[SourceQuality "1"]

1. e4 e5 2. f4 exf4 3. Nf3 g5 4. h4 g4 5. Ne5 d6 6. Nxg4 Be7 7. d3 Bxh4+ 8. Nf2 Qg5 9. Qd2 Bg3 10. Nc3 Nf6 11. Ne2 Qe5 12. Nxg3 fxg3 13. Nh3 Nc6 14. Ng5 Bg4 15. c3 h6 16. Nf3 Bxf3 17. gxf3 h5 18. d4 Qe7 19. Qg2 Rg8 20. Bd2 0-0-0 21. 0-0-0 Rg7 22. Bd3 Rdg8 23. Rh3 Kb8 24. Kb1 Nd8 25. e5 dxe5 26. Re1 Ne6 27. Rxe5 Qd6 28. Bh6 Nxd4 29. cxd4 Qxd4 30. Bxg7 Qxd3+ 31. Kc1 Qc4+ 32. Kb1 Qd3+ 33. Kc1 Qc4+ 34. Kb1 1/2-1/2

[Event "FICGS theme 0002 email"]
[Site "FICGS email"]
[Date "2015.12.04"]
[Round "1"]
[White "Reboredo, Daniel"]
[Black "Carrizo, Jose Luis"]
[Result "1/2-1/2"]
[WhiteElo "1944"]
[BlackElo "2055"]
[PlyCount "26"]
[EventDate "2015.??.??"]
[EventType "swiss (corr)"]
[EventRounds "1"]
[SourceTitle "Corr 2022"]
[Source "ChessBase"]
[SourceDate "2021.10.24"]
[SourceVersion "1"]
[SourceVersionDate "2021.10.24"]
[SourceQuality "1"]

1. e4 e5 2. f4 Bc5 3. Nf3 d6 4. c3 Bb6 5. d4 exd4 6. cxd4 Bg4 7. Be3 Nf6 8. Nc3 Nxe4 9. Nxe4 Qe7 10. Qd3 Bf5 11. Qb5+ Bd7 12. Qd3 Bf5 13. Qb5+ Bd7 1/2-1/2